000 00311nam a22001337a 4500
003 SGT
082 _a346.066
_bJOH
100 _aJOHARI H C
245 _aJOHARI COMMENTARIES ON COMPANIES ACT
_bSECTION 224 TO 447
250 _a2
260 _aKOLKATA
_bKAMAL LAW HOUSE
_c2006
300 _a2944
942 _2ddc
_cBK
999 _c32769
_d32769